00235nam a2200097Ia 4500008004000000082001600040100000600056245002800062260003600090300001100126210210b1984 xxu||||| |||| 00| 0 eng d a378.04 FIVP a- aFive years of Autonomy. aMadras.bLoyola College.,c1984 aii,222